000 01707cam a2200409 i 4500
001 zz2006795918
003 NUKAT
005 20260327213250.0
008 061118s1925 pl |000 0 pol c
035 _a(OCoLC)749640993
035 _a(NUKAT)zz2006795918
040 _aWA U/76MP
_bpol
_erda
_cWA U/MP
_dWA U/76DP
_dWA U/EBA
_dKIEL 010/MCs
_dOLSZT 008/AL
100 1 _aGrabski, Władysław
_d(1874-1938).
_eAutor
_91642
245 1 0 _aProgram walki z kryzysem gospodarczym w Polsce :
_bmowy p. prezesa rady ministrów i ministra skarbu Władysława Grabskiego: 1) wygłoszona na posiedzeniu narady gospodarczej w dniu 1. października 1925 roku ; 2) wygłoszona w Sejmie w dn. 6. października 1925 r.
260 _aWarszawa :
_b[wydawca nieznany],
_c1925
_e(Warszawa :
_ftłoczono czcionkami Drukarni Państwowej).
300 _a[2], 50 stron ;
_c20 cm.
336 _aTekst
_btxt
_2rdacontent
337 _aBez urządzenia pośredniczącego
_bn
_2rdamedia
338 _aWolumin
_bnc
_2rdacarrier
380 _aKsiążki
380 _aProza
386 _mPrzynależność kulturowa
_aLiteratura polska
388 1 _a1901-2000
388 1 _a1918-1939
610 2 7 _aSejm (1922-1927)
_2DBN
_939115
648 7 _a1901-2000
_2DBN
_934996
648 7 _a1918-1939
_2DBN
_936041
650 7 _aGospodarka
_2DBN
_935937
650 7 _aKryzys gospodarczy
_2DBN
_936012
651 7 _aPolska
_2DBN
_935076
651 7 _aPolska
_xpolityka gospodarcza
_y1918-1939.
_2kaba
_932874
655 7 _aMowy parlamentarne
_2DBN
_939116
655 7 _aPrzemówienia polskie
_y1900-1945.
_2kaba
_935519
658 _aGospodarka, ekonomia, finanse
710 2 _aDrukarnia Państwowa (Warszawa).
_eDruk
_4prt
_939114
942 _2ddc
_cBK_NM
999 _c27306
_d27306